|
|
|
|
| LEADER |
01987nam a2200469Ia 4500 |
| 001 |
EBC1365150 |
| 003 |
MiAaPQ |
| 005 |
20200520144314.0 |
| 006 |
m o d | |
| 007 |
cr cn||||||||| |
| 008 |
120715s2012 cau sb 000 0 eng d |
| 010 |
|
|
|z 2012943078
|
| 020 |
|
|
|z 9780833076687
|
| 020 |
|
|
|z 9780833077967
|
| 035 |
|
|
|a (MiAaPQ)EBC1365150
|
| 035 |
|
|
|a (Au-PeEL)EBL1365150
|
| 035 |
|
|
|a (CaPaEBR)ebr10678753
|
| 035 |
|
|
|a (OCoLC)857365328
|
| 040 |
|
|
|a MiAaPQ
|c MiAaPQ
|d MiAaPQ
|
| 043 |
|
|
|a n-us---
|
| 050 |
|
4 |
|a UB403
|b .M548 2012
|
| 100 |
1 |
|
|a Miller, Amalia R.
|q (Amalia Rebecca),
|d 1976-
|
| 245 |
1 |
0 |
|a Analysis of financial support to the surviving spouses and children of casualties in the Iraq and Afghanistan Wars
|h [electronic resource] /
|c Amalia R. Miller, Paul Heaton, David S. Loughran.
|
| 260 |
|
|
|a Santa Monica, CA :
|b RAND Corporation,
|c 2012.
|
| 300 |
|
|
|a xv, 36 p.
|
| 490 |
1 |
|
|a Technical report ;
|v TR-1281-OSD
|
| 500 |
|
|
|a "National Defense Research Institute."
|
| 504 |
|
|
|a Includes bibliographical references (p. 35-36).
|
| 533 |
|
|
|a Electronic reproduction. Ann Arbor, MI : ProQuest, 2015. Available via World Wide Web. Access may be limited to ProQuest affiliated libraries.
|
| 536 |
|
|
|a Prepared for the Office of the Secretary of Defense
|b W74V8H-06-C-0002
|
| 650 |
|
0 |
|a Survivors' benefits
|z United States.
|
| 650 |
|
0 |
|a Iraq War, 2003-2011
|x Casualties
|z United States.
|
| 650 |
|
0 |
|a Afghan War, 2001-
|x Casualties
|z United States.
|
| 655 |
|
4 |
|a Electronic books.
|
| 700 |
1 |
|
|a Heaton, Paul,
|d 1978-
|
| 700 |
1 |
|
|a Loughran, David S.,
|d 1969-
|
| 710 |
1 |
|
|a United States.
|b Department of Defense.
|b Office of the Secretary of Defense.
|
| 710 |
2 |
|
|a National Defense Research Institute (U.S.)
|
| 710 |
2 |
|
|a Rand Corporation.
|
| 710 |
2 |
|
|a ProQuest (Firm)
|
| 830 |
|
0 |
|a Technical report (Rand Corporation) ;
|v TR-1281-OSD.
|
| 856 |
4 |
0 |
|u https://ebookcentral.proquest.com/lib/matrademy/detail.action?docID=1365150
|z Click to View
|